Loading...
Oscar wilde
| Main Author: | |
|---|---|
| Format: | Printed Book |
| Published: |
Cambridge, CUP
1988
|
| Series: | British and Irish authors
|
| Subjects: |
| LEADER | 005740000a22002050004500 | ||
|---|---|---|---|
| 020 | |a 0-521-27826-0 | ||
| 082 | |a 822 WIL 09 M8 | ||
| 100 | |a Raby, Peter | ||
| 245 | |a Oscar wilde | ||
| 260 | |a Cambridge, CUP | ||
| 260 | |c 1988 | ||
| 465 | |a P 7.95 | ||
| 490 | |a British and Irish authors | ||
| 650 | |a Criticism | ||
| 650 | |a Drama | ||
| 650 | |a English | ||
| 650 | |a Interpretation | ||
| 942 | |c BK | ||
| 999 | |c 8117 |d 8117 | ||
| 952 | |0 0 |1 0 |4 0 |6 822_WIL_090000000000000_M8 |7 0 |8 ENG |9 7911 |a MGUL |b MGUL |d 2013-07-16 |e P 7.95 |l 6 |m 2 |o 822 WIL 09 M8 |p 07565 |r 2017-04-27 |s 2017-03-06 |w 2013-07-16 |y BK | ||